Normal view MARC view
  • Peña Ramírez, Jaime,

Entry Nombre Personal

Number of records used in: 1

001 - NUMERO DE CONTROL

  • campo de control: 48532

003 - IDENTIFICADOR DE NUMERO DE CONTROL

  • campo de control: DLC

005 - FECHA Y HORA DE LA ÜLTIMA TRANSACCIÓN

  • campo de control: 20230323135455.0

008 - DATOS DE LONGITUD FIJA

  • campo de control de longitud fija: 050201n| acannaabn || aaa

010 ## - NÚMERO DE CONTROL DE LA BIBLIOTECA DEL CONGRESO

  • Número de control LC: n 2005007178

040 ## - FUENTE DE CATALOGACIÓN

  • Agencia original de catalogación: DLC
  • Lenguaje de catalogación: spa
  • Agencia de transcripción: DLC
  • Agencia que lo modifica: MX-MxUPN

100 1# - ENCABEZAMIENTO - NOMBRE PERSONAL

  • Nombre personal: Peña Ramírez, Jaime,
  • Fechas asociadas con el nombre: 1948-

670 ## - FUENTE EN LA QUE SE LOCALIZARON DATOS

  • Cita de la fuente: El agua, espejo de los pueblos, 2004:
  • Información localizada: portada (Jaime Peña Ramírez) solapa (b. 1948) p. 12, etc. (coord., grupo Achipáhuac, Fac. de Estudios Superiores Acatlán)

670 ## - FUENTE EN LA QUE SE LOCALIZARON DATOS

  • Cita de la fuente: Alas de libertad en la investigación educativa multidisciplinaria, 2019:
  • Información localizada: portada (Jaime Peña Ramírez, coordinación)

902 ## - CATALOGADOR

  • Catalogador: Víctor Ruiz/230323